000
00301nam a2200121Ia 4500
008
190216s9999||||xx |||||||||||||| ||und||
100
_a
Sharma
245
0
_a
Careers In Accountancy
260
_b
Central Institute For Research &training
_c
1970
300
_a
33p
650
_a
Accountancy
942
_c
REF
999
_c
35815
_d
35815